[Event "Int. Stuttgarter Stadtmeisterschaft C"]
[Site "Ditzingen"]
[Date "2012.05.17"]
[Round "1.1"]
[White "Langen, Oliver"]
[Black "Jelisavac, Nenad"]
[Result "0-1"]
[WhiteElo "1060"]
[BlackElo "1496"]
[PlyCount "32"]
[EventDate "2012.??.??"]
[WhiteTeam "DJK Stuttgart-Süd"]
[BlackTeam "SK Sieker Bielefeld"]

1. d4 Nf6 2. Nf3 d6 3. e3 Bg4 4. h3 Bh5 5. b3 Nbd7 6. Bd3 e5 7. O-O e4 8. Be2
exf3 9. Bxf3 Bxf3 10. Qxf3 d5 11. c4 c6 12. c5 Ne4 13. Nd2 Ndf6 14. Qe2 Nxd2
15. Bxd2 Ne4 16. f3 Ng3 0-1

[Event "Int. Stuttgarter Stadtmeisterschaft C"]
[Site "Ditzingen"]
[Date "2012.05.17"]
[Round "1.2"]
[White "Dietermann, Frank"]
[Black "Spasovski, Dusan"]
[Result "1-0"]
[WhiteElo "1432"]
[BlackElo "1038"]
[PlyCount "49"]
[EventDate "2012.??.??"]
[WhiteTeam "SC Grunbach"]
[BlackTeam "VfL Sindelfingen"]

1. b4 e6 2. Bb2 d5 3. Nf3 Nd7 4. e3 Ngf6 5. b5 Be7 6. c4 c6 7. Qc2 Qb6 8. a4 a5
9. Be2 Nc5 10. O-O Nce4 11. d3 Nd6 12. c5 Qc7 13. Be5 O-O 14. cxd6 Bxd6 15.
Bxd6 Qxd6 16. bxc6 bxc6 17. Nbd2 c5 18. Rac1 Nd7 19. Nb3 Ra6 20. Nxc5 Rc6 21.
d4 Re8 22. Bb5 Rc7 23. Ne5 f6 24. Nexd7 Bxd7 25. Bxd7 1-0

[Event "Int. Stuttgarter Stadtmeisterschaft C"]
[Site "Ditzingen"]
[Date "2012.05.17"]
[Round "1.3"]
[White "Dallinger, Frank"]
[Black "Winterkorn, Nikolaus"]
[Result "1/2-1/2"]
[WhiteElo "1025"]
[BlackElo "1423"]
[PlyCount "78"]
[EventDate "2012.??.??"]
[WhiteTeam "SV Stuttgart-Wolfbusch 1956 e.V."]
[BlackTeam "DJK Sportbund Stuttgart e.V."]

1. e4 e5 2. Nf3 d6 3. Nc3 Nf6 4. Bc4 h6 5. d3 Bg4 6. Bd2 Nbd7 7. Qe2 a6 8. h3
Bh5 9. g4 Bg6 10. O-O-O b5 11. Bd5 Nxd5 12. Nxd5 c6 13. Ne3 Be7 14. h4 f6 15.
Rhg1 a5 16. Nf5 Bxf5 17. gxf5 Bf8 18. d4 Qb6 19. dxe5 dxe5 20. Be3 Qb7 21. Rd3
O-O-O 22. Bd2 b4 23. a3 bxa3 24. bxa3 Nc5 25. Rxd8+ Kxd8 26. Bxa5+ Kc8 27. Qd1
Nd7 28. Bb4 Rg8 29. Bxf8 Nxf8 30. Nd2 Qa6 31. Rg3 Nd7 32. Rd3 Rd8 33. Nb1 Qa4
34. Rb3 Nc5 35. Rb8+ Kxb8 36. Qxd8+ Ka7 37. Qc7+ Ka6 38. Qc8+ Ka7 39. Qc7+ Ka6
1/2-1/2

[Event "Int. Stuttgarter Stadtmeisterschaft C"]
[Site "Ditzingen"]
[Date "2012.05.17"]
[Round "1.4"]
[White "Rümmele, Tobias"]
[Black "Kreuzhage, Laura"]
[Result "1/2-1/2"]
[WhiteElo "1418"]
[BlackElo "1013"]
[PlyCount "109"]
[EventDate "2012.??.??"]
[WhiteTeam "SV Besigheim"]
[BlackTeam "SK Schmiden/Cannstatt"]

1. Nf3 d5 2. g3 c5 3. d4 Nc6 4. Bg2 Nf6 5. O-O Bf5 6. Nh4 Bg6 7. Nxg6 hxg6 8.
dxc5 e6 9. Bg5 Bxc5 10. e3 O-O 11. Qc1 Ne5 12. Nd2 Ned7 13. c4 Qb6 14. Bxf6
Nxf6 15. Nb3 Bd6 16. c5 Bxc5 17. Qxc5 Qd8 18. Rac1 Qd7 19. Qc7 Qb5 20. Rc5 Qb6
21. Ra5 Qc6 22. Qxc6 bxc6 23. Rc1 Rfc8 24. Ra6 Rc7 25. Raxc6 Rb7 26. Rc8+ Rxc8
27. Rxc8+ Kh7 28. Bf3 Nd7 29. e4 Nb6 30. Rc2 Rd7 31. exd5 exd5 32. Rd2 Kh6 33.
Nc5 Rd6 34. a4 d4 35. Nb3 Nxa4 36. Rxd4 Rxd4 37. Nxd4 Nxb2 38. Nb3 Nc4 39. Bd5
Nd6 40. Kg2 f5 41. Kf3 g5 42. Na5 g6 43. Ke3 Kh5 44. Bf3+ Kh6 45. Be2 Kg7 46.
Nc6 Nc8 47. Ba6 Nd6 48. Nxa7 Kf6 49. Nc6 Nf7 50. Bc8 Nh6 51. Kf3 Ng4 52. h3 Nh6
53. Bd7 Nf7 54. Nd4 Ne5+ 55. Ke3 1/2-1/2

[Event "Int. Stuttgarter Stadtmeisterschaft C"]
[Site "Ditzingen"]
[Date "2012.05.17"]
[Round "1.5"]
[White "Hauger, Albrecht"]
[Black "Su, Kai"]
[Result "1/2-1/2"]
[WhiteElo "993"]
[BlackElo "1375"]
[PlyCount "39"]
[EventDate "2012.??.??"]
[WhiteTeam "SC Schachmatt Botnang"]
[BlackTeam "Spvgg Böblingen"]

1. d4 d5 2. c4 e6 3. e3 Nf6 4. Nc3 b6 5. cxd5 exd5 6. Nf3 Be7 7. h3 O-O 8. Bd3
Nc6 9. a3 Re8 10. O-O Be6 11. Qc2 Bd6 12. Nb5 Ne7 13. Nxd6 cxd6 14. Bd2 Rc8 15.
Bc3 Ng6 16. Rac1 Qd7 17. Ng5 Re7 18. Nxe6 fxe6 19. Rfe1 Qe8 20. Qd2 1/2-1/2

[Event "Int. Stuttgarter Stadtmeisterschaft C"]
[Site "Ditzingen"]
[Date "2012.05.17"]
[Round "1.6"]
[White "Schröder, Oliver"]
[Black "Zacke, Tamara"]
[Result "1-0"]
[WhiteElo "1370"]
[BlackElo "982"]
[PlyCount "37"]
[EventDate "2012.??.??"]
[WhiteTeam "SV Lahn Limburg"]
[BlackTeam "SV Stuttgart-Wolfbusch 1956 e.V."]

1. e4 e5 2. Nf3 Nc6 3. Bb5 a6 4. Ba4 Nf6 5. O-O Bc5 6. d3 O-O 7. Bxc6 dxc6 8.
Nxe5 Re8 9. Nf3 Bg4 10. Bg5 Bd6 11. Nbd2 h6 12. Bh4 g5 13. Bg3 Nh5 14. Qb1 Nxg3
15. fxg3 Bxf3 16. Nxf3 g4 17. Nh4 Bc5+ 18. Kh1 Rf8 19. Qc1 1-0

[Event "Int. Stuttgarter Stadtmeisterschaft C"]
[Site "Ditzingen"]
[Date "2012.05.17"]
[Round "1.7"]
[White "Kiroglu, Cihan"]
[Black "Thomas, Leonhard"]
[Result "0-1"]
[WhiteElo "969"]
[BlackElo "1358"]
[PlyCount "80"]
[EventDate "2012.??.??"]
[WhiteTeam "SG Schramberg-Lauterbach"]
[BlackTeam "SV Fellbach"]

1. e4 e5 2. Nf3 Nc6 3. Nc3 Bb4 4. Nd5 Bc5 5. Qe2 Nf6 6. d3 d6 7. Be3 Bxe3 8.
Nxe3 Ng4 9. h3 Nxe3 10. Qxe3 h6 11. d4 Qf6 12. Qb3 Nxd4 13. Nxd4 exd4 14. Rd1
Qe5 15. Qb5+ c6 16. Qxe5+ dxe5 17. Be2 Ke7 18. O-O f6 19. f4 Be6 20. b3 b6 21.
Bh5 c5 22. f5 Bf7 23. Be2 Rhc8 24. Ba6 Rc7 25. Rf3 Bh5 26. g4 Be8 27. Bc4 Kd6
28. Bd5 Rb8 29. c3 Bf7 30. Bxf7 Rxf7 31. a4 Rd7 32. c4 Kc6 33. Kf2 Rbd8 34. Ke2
a6 35. h4 Rb7 36. Rff1 b5 37. Rb1 Rdb8 38. axb5+ axb5 39. Kd3 bxc4+ 40. Kxc4
Rb4+ 0-1

[Event "Int. Stuttgarter Stadtmeisterschaft C"]
[Site "Ditzingen"]
[Date "2012.05.17"]
[Round "1.8"]
[White "Schröder, Janina"]
[Black "Mackeprang, Jelena"]
[Result "1-0"]
[WhiteElo "1353"]
[BlackElo "949"]
[PlyCount "71"]
[EventDate "2012.??.??"]
[WhiteTeam "SV Lahn Limburg"]
[BlackTeam "SK Schmiden/Cannstatt"]

1. e4 e5 2. Nf3 Nf6 3. Nc3 Nc6 4. Bb5 d6 5. h3 Bd7 6. O-O a6 7. Ba4 b5 8. Bb3
Be7 9. Ng5 O-O 10. d3 Nd4 11. Nf3 Nxb3 12. axb3 Qc8 13. Ne2 d5 14. Nxe5 Bxh3
15. Nf4 Bg4 16. Nxg4 Nxg4 17. Nxd5 Bc5 18. d4 Bd6 19. e5 c6 20. Nb6 Qd8 21.
Qxg4 f5 22. Qg3 Qxb6 23. exd6 Rad8 24. c3 c5 25. Bg5 Rxd6 26. Be7 Rg6 27. Bxc5
Qc6 28. Qh3 Rff6 29. f4 Rh6 30. Qf3 Rh1+ 31. Kxh1 Rh6+ 32. Kg1 Qf6 33. Qa8+ Kf7
34. Qf8+ Ke6 35. Qxf6+ Rxf6 36. Rxa6+ 1-0

[Event "Int. Stuttgarter Stadtmeisterschaft C"]
[Site "Ditzingen"]
[Date "2012.05.17"]
[Round "1.9"]
[White "König, Anja"]
[Black "Kleih, Julian"]
[Result "0-1"]
[WhiteElo "934"]
[BlackElo "1335"]
[PlyCount "52"]
[EventDate "2012.??.??"]
[WhiteTeam "SC Grunbach"]
[BlackTeam "SV Dettingen Erms"]

1. e4 c5 2. d4 cxd4 3. c3 dxc3 4. Nxc3 g6 5. Nf3 Bg7 6. Bc4 Nf6 7. O-O O-O 8.
Re1 Nc6 9. h3 Na5 10. Qe2 Nxc4 11. Qxc4 a6 12. e5 b5 13. exf6 bxc4 14. fxe7 Qe8
15. exf8=Q+ Qxf8 16. Rd1 Qc5 17. Nd5 Bb7 18. Be3 Qa5 19. Ne7+ Kh8 20. Bd4 Bxd4
21. Rxd4 Bxf3 22. gxf3 Qg5+ 23. Kh2 Qe5+ 24. f4 Qxd4 25. Kg3 Qxb2 26. Rd1 c3
0-1

[Event "Int. Stuttgarter Stadtmeisterschaft C"]
[Site "Ditzingen"]
[Date "2012.05.17"]
[Round "1.10"]
[White "Visvikis, Christos"]
[Black "Zeller, Fabian"]
[Result "1-0"]
[WhiteElo "1320"]
[BlackElo "905"]
[PlyCount "91"]
[EventDate "2012.??.??"]
[WhiteTeam "SK Villingen"]
[BlackTeam "TV Zazenhausen"]

1. e4 e5 2. Nf3 Nc6 3. d4 d5 4. dxe5 dxe4 5. Qxd8+ Nxd8 6. Nd4 Ne6 7. Nxe6 Bxe6
8. Nc3 Bf5 9. Bg5 f6 10. exf6 Nxf6 11. O-O-O Bd6 12. Nb5 Be5 13. Bc4 a6 14. Na3
b5 15. Bd5 Rd8 16. Bc6+ Bd7 17. Bxf6 Bxf6 18. Bxe4 O-O 19. Bd5+ Kh8 20. Bb7 c6
21. g3 Be8 22. Rxd8 Bxd8 23. Re1 Bd7 24. f4 Re8 25. Rxe8+ Bxe8 26. Bxa6 Bf7 27.
Bb7 Bd5 28. Nb1 Bb6 29. Nc3 Bg1 30. h3 Bh2 31. Nxd5 cxd5 32. Bxd5 Bxg3 33. f5
Be5 34. Bf3 Kg8 35. Bg4 Kf7 36. b3 Kf6 37. Kd2 h5 38. Bxh5 Kxf5 39. Bg4+ Ke4
40. Be6 g5 41. c4 b4 42. c5 Bf4+ 43. Kc2 Kd4 44. c6 Kc5 45. Bd7 Kd6 46. Kd3 1-0

[Event "Int. Stuttgarter Stadtmeisterschaft C"]
[Site "Ditzingen"]
[Date "2012.05.17"]
[Round "1.11"]
[White "Naizghi, Agazit-Aida"]
[Black "Griesche, Veit"]
[Result "0-1"]
[WhiteElo "890"]
[BlackElo "1291"]
[PlyCount "90"]
[EventDate "2012.??.??"]
[WhiteTeam "SV Stuttgart-Wolfbusch 1956 e.V."]
[BlackTeam "SF Oeffingen e.V."]

1. e4 e5 2. Nf3 Nc6 3. Bc4 Nf6 4. Nc3 Bc5 5. O-O O-O 6. d3 h6 7. Be3 Bxe3 8.
fxe3 d6 9. h3 Na5 10. Bb3 Nxb3 11. axb3 a6 12. d4 Qe7 13. dxe5 dxe5 14. Nd5
Nxd5 15. Qxd5 c6 16. Qd3 Bd7 17. c3 Rad8 18. Qc2 Qc5 19. Rae1 a5 20. c4 b5 21.
Nh4 Be6 22. Nf5 bxc4 23. Ra1 Bxf5 24. exf5 Qxe3+ 25. Kh1 cxb3 26. Qxc6 Rc8 27.
Qf3 Qd4 28. Rf2 Rc2 29. Rxc2 bxc2 30. Qb3 Qe4 31. f6 gxf6 32. Qg3+ Kh7 33. Qf2
Rg8 34. Rc1 f5 35. Rxc2 f4 36. Re2 Qf5 37. Qf1 h5 38. Qe1 Qg5 39. Qf1 a4 40.
Qf3 Qf5 41. Re4 Rg3 42. Qe2 f3 43. gxf3 Qxh3+ 44. Qh2 Qf1+ 45. Qg1 Qxg1# 0-1

[Event "Int. Stuttgarter Stadtmeisterschaft C"]
[Site "Ditzingen"]
[Date "2012.05.17"]
[Round "1.12"]
[White "Reuß, Tobias"]
[Black "Reichardt, Julius"]
[Result "1-0"]
[WhiteElo "1277"]
[BlackElo "885"]
[PlyCount "53"]
[EventDate "2012.??.??"]
[WhiteTeam "SV Besigheim"]
[BlackTeam "SF Markgräflerland e."]

1. d4 d5 2. e3 e6 3. c4 c6 4. Nf3 b6 5. Ne5 f6 6. Qh5+ g6 7. Nxg6 hxg6 8. Qxh8
Nh6 9. Qh7 g5 10. Qc2 e5 11. dxe5 fxe5 12. cxd5 cxd5 13. Bb5+ Bd7 14. Bxd7+
Qxd7 15. O-O e4 16. Nc3 d4 17. Qxe4+ Be7 18. Qxa8 Qc7 19. exd4 Bb4 20. Qe4+ Kd8
21. Bxg5+ Kc8 22. Bxh6 Bxc3 23. bxc3 Nc6 24. Rfe1 Kb8 25. Bf4 Qxf4 26. Qxf4+
Kb7 27. d5 1-0

[Event "Int. Stuttgarter Stadtmeisterschaft C"]
[Site "Ditzingen"]
[Date "2012.05.17"]
[Round "1.13"]
[White "Fey, Karl-Heinz"]
[Black "Udaykumar, Arunn Mark"]
[Result "0-1"]
[WhiteElo "884"]
[BlackElo "1253"]
[PlyCount "44"]
[EventDate "2012.??.??"]
[WhiteTeam "SC 1926 Haßloch"]
[BlackTeam "SK Villingen"]

1. Nf3 Nc6 2. d4 d5 3. e3 Nf6 4. Be2 Bf5 5. Bd2 Qd6 6. O-O e5 7. dxe5 Nxe5 8.
Nxe5 Qxe5 9. Bc3 Qd6 10. a3 O-O-O 11. Bd4 Kb8 12. Nc3 h5 13. Nb5 Qe6 14. Bxa7+
Kc8 15. Bd4 Ng4 16. f4 Nxe3 17. Bxe3 Qxe3+ 18. Kh1 h4 19. Rf3 Qc5 20. Rc3 Qf2
21. Qd2 h3 22. Rf3 hxg2# 0-1

[Event "Int. Stuttgarter Stadtmeisterschaft C"]
[Site "Ditzingen"]
[Date "2012.05.17"]
[Round "1.14"]
[White "Sax, Leon"]
[Black "Lemke, Maximilian"]
[Result "1-0"]
[WhiteElo "1251"]
[BlackElo "835"]
[PlyCount "61"]
[EventDate "2012.??.??"]
[WhiteTeam "SC Gross-Sachsenheim"]
[BlackTeam "VfL Sindelfingen"]

1. e4 e5 2. Bc4 Bc5 3. Nf3 Nc6 4. d3 Nd4 5. Nxe5 d6 6. Nxf7 Bf5 7. Nxd8 Rxd8 8.
Bxg8 Rxg8 9. Bg5 Rd7 10. Nc3 Bb4 11. O-O Bxc3 12. bxc3 h6 13. Qh5+ Kf8 14. Bxh6
Rh8 15. cxd4 Rxh6 16. Qxf5+ Rf7 17. Qc8+ Ke7 18. Qxc7+ Ke8 19. Qb8+ Kd7 20.
Qxb7+ Ke8 21. Qb8+ Kd7 22. Qxa7+ Ke8 23. Qa4+ Rd7 24. Qc6 d5 25. Rfe1 Rxc6 26.
exd5+ Kf8 27. dxc6 Rxd4 28. c7 Kg8 29. c8=Q+ Kh7 30. Qf5+ Kh8 31. Re8# 1-0

[Event "Int. Stuttgarter Stadtmeisterschaft C"]
[Site "Ditzingen"]
[Date "2012.05.17"]
[Round "1.15"]
[White "Steller, Kilian"]
[Black "Erben, Katrin"]
[Result "1-0"]
[WhiteElo "782"]
[BlackElo "1234"]
[PlyCount "77"]
[EventDate "2012.??.??"]
[WhiteTeam "TSF Ditzingen"]
[BlackTeam "SV Stuttgart-Wolfbusch 1956 e.V."]

1. e4 e5 2. Nf3 Nc6 3. Bc4 d6 4. Nc3 Bg4 5. Be2 Nf6 6. d3 Be7 7. h3 Bh5 8. g4
Bg6 9. Be3 h5 10. g5 Nd7 11. h4 f6 12. gxf6 Nxf6 13. Rg1 Ng4 14. Nh2 Nxe3 15.
fxe3 Bxh4+ 16. Kd2 Ne7 17. Nd5 Bf7 18. Nxe7 Qxe7 19. Rxg7 O-O-O 20. Qf1 Bf6 21.
Qf5+ Be6 22. Rxe7 Bxf5 23. Rf7 Rh6 24. exf5 Rg8 25. c3 Kd8 26. Nf3 Be7 27. Rg1
Rg4 28. Rxg4 hxg4 29. Ne1 Ke8 30. Rg7 Rf6 31. Bxg4 Rh6 32. Rg6 Rh2+ 33. Be2 Bh4
34. Nf3 Rh1 35. Nxh4 Rxh4 36. Rg7 Kd8 37. f6 Rh8 38. f7 Ke7 39. Rg8 1-0

[Event "Int. Stuttgarter Stadtmeisterschaft C"]
[Site "Ditzingen"]
[Date "2012.05.17"]
[Round "1.16"]
[White "Reichmann, Bernd"]
[Black "Spasovski, Marko"]
[Result "1-0"]
[WhiteElo "1191"]
[BlackElo "767"]
[PlyCount "73"]
[EventDate "2012.??.??"]
[WhiteTeam "SV Fellbach"]
[BlackTeam "VfL Sindelfingen"]

1. e4 e6 2. d4 d5 3. Nc3 c5 4. Nf3 Nc6 5. Bb5 Bd7 6. exd5 exd5 7. Nxd5 Nxd4 8.
Nxd4 cxd4 9. Bxd7+ Qxd7 10. Qxd4 Rd8 11. Qe3+ Be7 12. Nc3 Nf6 13. O-O O-O 14.
Qe2 Bb4 15. Bg5 Rde8 16. Qc4 Bxc3 17. Qxc3 Ne4 18. Qe3 Nd2 19. Qxd2 Qxd2 20.
Bxd2 Re2 21. Be3 a5 22. Rad1 Rxc2 23. Rd2 Rfc8 24. g3 Rxd2 25. Bxd2 a4 26. Rc1
Rxc1+ 27. Bxc1 b5 28. Kf1 b4 29. Ke2 b3 30. a3 h5 31. Kd3 f5 32. Kc4 Kf7 33.
Kb4 Kf6 34. Kxa4 g5 35. Kb5 Ke5 36. Bxg5 Ke4 37. a4 1-0

[Event "Int. Stuttgarter Stadtmeisterschaft C"]
[Site "Ditzingen"]
[Date "2012.05.17"]
[Round "1.17"]
[White "Visvikis, Kassandra"]
[Black "Sandmeyer, Alexander"]
[Result "0-1"]
[WhiteElo "763"]
[BlackElo "1182"]
[PlyCount "102"]
[EventDate "2012.??.??"]
[WhiteTeam "SK Villingen"]
[BlackTeam "Stuttgarter SF 1879"]

1. e4 c5 2. Nf3 Nc6 3. Nc3 g6 4. d3 Bg7 5. Bd2 Nf6 6. Be2 O-O 7. O-O d5 8. e5
Ng4 9. Ng5 Ngxe5 10. Bf4 a6 11. Nf3 Nxf3+ 12. Bxf3 Nd4 13. Bxd5 Qd7 14. Qe1
Nxc2 15. Qe4 Nxa1 16. Rxa1 Ra7 17. Re1 e6 18. Bc4 b5 19. Bb3 Bb7 20. Qe2 Qc6
21. Qe4 Qd7 22. Qe3 Bd4 23. Qe2 Raa8 24. Bh6 Rfd8 25. Qd2 Bf6 26. a4 bxa4 27.
Bxa4 Qxd3 28. Rd1 Qxd2 29. Rxd2 Rxd2 30. Bxd2 Rd8 31. Be1 Rd3 32. Ne2 Bxb2 33.
Bc2 Ra3 34. Kf1 Bc6 35. Bd3 Rxd3 36. f3 Rd1 37. Kf2 a5 38. Bxa5 f5 39. Bc7 c4
40. Ba5 Kf7 41. h3 h5 42. h4 Bf6 43. g3 Rd3 44. f4 Bd4+ 45. Kf1 Rd1+ 46. Be1 c3
47. Nxd4 Rxd4 48. Bxc3 Ra4 49. Be1 Ra2 50. Kg1 Ke7 51. Kf1 Kd6 0-1

[Event "Int. Stuttgarter Stadtmeisterschaft C"]
[Site "Ditzingen"]
[Date "2012.05.17"]
[Round "1.18"]
[White "Stegmiller, Dennis"]
[Black "Günther, Niclas"]
[Result "1-0"]
[WhiteElo "1180"]
[BlackElo "762"]
[PlyCount "59"]
[EventDate "2012.??.??"]
[WhiteTeam "TSF Ditzingen"]
[BlackTeam "SF Freiberg"]

1. c4 e5 2. Nc3 Bb4 3. d4 Nc6 4. d5 Na5 5. Qa4 Nxc4 6. Qxb4 Nd6 7. Be3 a5 8.
Qb3 b5 9. Nxb5 a4 10. Nxd6+ cxd6 11. Qc2 Qa5+ 12. Bd2 Qb6 13. Nf3 Nf6 14. e4
O-O 15. Bg5 Ba6 16. Bxf6 Bxf1 17. Rxf1 Qa5+ 18. Kd1 Rfc8 19. Qe2 Rc7 20. Bg5
Rac8 21. Rc1 Rxc1+ 22. Bxc1 Qc7 23. Be3 h6 24. Nh4 Qb7 25. Nf5 a3 26. b3 Qc7
27. Ne7+ Kf8 28. Nxc8 Qxc8 29. Qc2 Qxc2+ 30. Kxc2 1-0

[Event "Int. Stuttgarter Stadtmeisterschaft C"]
[Site "Ditzingen"]
[Date "2012.05.17"]
[Round "2.1"]
[White "Jelisavac, Nenad"]
[Black "Reichmann, Bernd"]
[Result "1-0"]
[WhiteElo "1496"]
[BlackElo "1191"]
[PlyCount "107"]
[EventDate "2012.??.??"]
[WhiteTeam "SK Sieker Bielefeld"]
[BlackTeam "SV Fellbach"]

1. d4 d5 2. Bf4 Nf6 3. Nf3 Bg4 4. Nbd2 Bxf3 5. Nxf3 e6 6. e3 a6 7. Be2 Bd6 8.
Bxd6 Qxd6 9. h3 h6 10. Rc1 Nbd7 11. O-O O-O 12. c4 c6 13. c5 Qc7 14. Qc2 Rac8
15. b4 Rfe8 16. a4 Qd8 17. Qb2 Rb8 18. a5 Qc7 19. Bd3 e5 20. dxe5 Nxe5 21. Be2
Nxf3+ 22. Bxf3 Qe5 23. Qc2 Kf8 24. Rfd1 Rbd8 25. Rd4 Qc7 26. Rcd1 Qb8 27. Qd3
Qe5 28. Qe2 Qc7 29. R1d3 Qe5 30. Qd2 Rd7 31. Qd1 Red8 32. Bg4 Nxg4 33. Qxg4 Kg8
34. e4 Qe6 35. Qxe6 fxe6 36. e5 Rf7 37. Rg4 Rdf8 38. f3 Rf4 39. Rd4 Rxd4 40.
Rxd4 Rf5 41. f4 Kh7 42. g4 Rf8 43. Kg2 g6 44. Kg3 Kg7 45. Rd3 Rf7 46. Rf3 d4
47. Rd3 Rd7 48. Kf3 g5 49. f5 exf5 50. gxf5 Rd5 51. Ke4 h5 52. Rxd4 Rxd4+ 53.
Kxd4 g4 54. hxg4 1-0

[Event "Int. Stuttgarter Stadtmeisterschaft C"]
[Site "Ditzingen"]
[Date "2012.05.17"]
[Round "2.2"]
[White "Sandmeyer, Alexander"]
[Black "Dietermann, Frank"]
[Result "0-1"]
[WhiteElo "1182"]
[BlackElo "1432"]
[PlyCount "66"]
[EventDate "2012.??.??"]
[WhiteTeam "Stuttgarter SF 1879"]
[BlackTeam "SC Grunbach"]

1. c4 g6 2. Nc3 Bg7 3. g3 d6 4. Bg2 c6 5. Nf3 Be6 6. d3 Nd7 7. O-O Qb6 8. Rb1
Bxc3 9. bxc3 Qxb1 10. Qa4 Qb6 11. Be3 Nc5 12. Qc2 d5 13. Rb1 Qa5 14. Bd4 Nf6
15. cxd5 Bxd5 16. c4 Be6 17. Bc3 Qc7 18. Be5 Qd7 19. Bd4 b6 20. Qc3 O-O 21. Ne5
Qd6 22. Nf3 Rad8 23. Be5 Qd7 24. Nd4 Ng4 25. Nxc6 Rc8 26. Nb4 Nxe5 27. Qxe5 f6
28. Qe3 Rfd8 29. Qf3 a5 30. Nd5 Bxd5 31. Qxd5+ Qxd5 32. Bxd5+ e6 33. Bg2 Rb8
0-1

[Event "Int. Stuttgarter Stadtmeisterschaft C"]
[Site "Ditzingen"]
[Date "2012.05.17"]
[Round "2.3"]
[White "Günay, Nuri"]
[Black "Schröder, Oliver"]
[Result "0-1"]
[WhiteElo "1178"]
[BlackElo "1370"]
[PlyCount "96"]
[EventDate "2012.??.??"]
[WhiteTeam "SC Gross-Sachsenheim"]
[BlackTeam "SV Lahn Limburg"]

1. d4 d5 2. Nc3 Nf6 3. Bg5 Ne4 4. Nxe4 dxe4 5. e3 c6 6. Bc4 Qa5+ 7. c3 Qxg5 8.
g3 Bg4 9. Qb3 Bc8 10. Bxf7+ Kd8 11. Rd1 Qb5 12. Qc2 Qf5 13. Bb3 Kc7 14. d5 e6
15. dxc6 Nxc6 16. Ne2 Bd7 17. Nd4 Nxd4 18. cxd4+ Bc6 19. d5 exd5 20. Rxd5 Qf3
21. O-O Rd8 22. Rxd8 Kxd8 23. Rd1+ Kc7 24. Bd5 Be7 25. Rc1 Qf6 26. b4 Bxb4 27.
Qa4 Qd6 28. Bxc6 Kb8 29. Bxe4 g6 30. Rb1 Bc5 31. Rxb7+ Kc8 32. Rb1 Rd8 33. Bb7+
Kc7 34. Qf4 Qxf4 35. gxf4 Rd2 36. Be4 Bb6 37. Rc1+ Kd6 38. a4 Ra2 39. Bc6 Ba5
40. Bb5 Ke7 41. Kg2 Kf6 42. e4 Bb6 43. e5+ Kf5 44. Bc4 Rxf2+ 45. Kg3 Rxf4 46.
Bd3+ Kg5 47. e6 Rf8 48. Re1 Bf2+ 0-1

[Event "Int. Stuttgarter Stadtmeisterschaft C"]
[Site "Ditzingen"]
[Date "2012.05.17"]
[Round "2.4"]
[White "Thomas, Leonhard"]
[Black "Stegmiller, Dennis"]
[Result "1-0"]
[WhiteElo "1358"]
[BlackElo "1180"]
[PlyCount "129"]
[EventDate "2012.??.??"]
[WhiteTeam "SV Fellbach"]
[BlackTeam "TSF Ditzingen"]

1. e4 e5 2. Nf3 Nc6 3. Bb5 a6 4. Bxc6 dxc6 5. d3 Bg4 6. h3 Bh5 7. g4 Bg6 8.
Nxe5 Nf6 9. Nxg6 hxg6 10. Nc3 Qd7 11. Bg5 Nxg4 12. Qf3 Ne5 13. Qg3 Bd6 14. Bf4
Ng4 15. Bxd6 cxd6 16. O-O-O Nf6 17. Rde1 O-O-O 18. Na4 Qc7 19. Re3 b5 20. Nc3
b4 21. Nb1 Qa5 22. a3 bxa3 23. Nxa3 Qe5 24. Qxe5 dxe5 25. Nc4 Rhe8 26. f3 Nh5
27. Ree1 Nf4 28. Rh2 f6 29. Kd2 g5 30. Ra1 Kb7 31. Ne3 g6 32. Rg1 Rh8 33. Rgh1
Rh4 34. Ng2 Nxg2 35. Rxg2 Rdh8 36. Rgh2 Kb6 37. Ke2 Kc5 38. Kf2 Kb4 39. Kg2 Rc8
40. Ra1 Ra8 41. Rhh1 Kc5 42. Ra4 Kb5 43. b3 a5 44. Rha1 c5 45. c3 f5 46. b4 g4
47. Rxa5+ Rxa5 48. Rxa5+ Kc6 49. Rxc5+ Kd6 50. fxg4 fxg4 51. hxg4 Rxg4+ 52. Kf3
Rg1 53. Ra5 g5 54. Ra2 g4+ 55. Kf2 Rh1 56. Ra6+ Kc7 57. Rg6 Rh3 58. Ke2 g3 59.
Rg5 Kd6 60. c4 Rh2+ 61. Kf3 Rb2 62. b5 Kc5 63. Rxe5+ Kd4 64. Rd5+ Kc3 65. Kxg3
1-0

[Event "Int. Stuttgarter Stadtmeisterschaft C"]
[Site "Ditzingen"]
[Date "2012.05.17"]
[Round "2.5"]
[White "Weber, Baldur"]
[Black "Schröder, Janina"]
[Result "0-1"]
[WhiteElo "1135"]
[BlackElo "1353"]
[PlyCount "98"]
[EventDate "2012.??.??"]
[WhiteTeam "SC Neckarsulm e.V."]
[BlackTeam "SV Lahn Limburg"]

1. d4 d5 2. c4 e6 3. Nc3 Nf6 4. Bg5 Be7 5. e3 h6 6. Bxf6 Bxf6 7. Nf3 O-O 8. Rc1
b6 9. cxd5 exd5 10. Bd3 Re8 11. Qc2 Bb7 12. O-O Nd7 13. Rfe1 Be7 14. a3 Nf6 15.
Ne5 Bd6 16. Bb5 Bxe5 17. Bxe8 Bxh2+ 18. Kxh2 Qd6+ 19. g3 Rxe8 20. Qf5 Bc8 21.
Qf4 Qd7 22. Kg1 c6 23. b4 Qd8 24. Re2 Qd7 25. f3 Ba6 26. Rh2 Bc8 27. Kg2 Re6
28. Rch1 Nh7 29. Kf2 Rf6 30. Qe5 Re6 31. Qf5 Qe8 32. Qf4 Rf6 33. Qb8 Ng5 34. f4
Nh7 35. Qxa7 Be6 36. Rh5 Bf5 37. Kf3 Be4+ 38. Nxe4 Qxe4+ 39. Ke2 Re6 40. Qb8+
Nf8 41. Re5 Qxh1 42. Rxe6 fxe6 43. Qa8 Qg2+ 44. Kd3 Qe4+ 45. Ke2 Qc2+ 46. Kf3
Qc3 47. Qe8 Qxa3 48. Qxc6 Qxb4 49. Qe8 Qc4 0-1

[Event "Int. Stuttgarter Stadtmeisterschaft C"]
[Site "Ditzingen"]
[Date "2012.05.17"]
[Round "2.6"]
[White "Kleih, Julian"]
[Black "Stecher, Oliver"]
[Result "0-1"]
[WhiteElo "1335"]
[BlackElo "1126"]
[PlyCount "80"]
[EventDate "2012.??.??"]
[WhiteTeam "SV Dettingen Erms"]
[BlackTeam "SSV Zuffenhausen"]

1. d4 d5 2. Bf4 Bf5 3. c4 e6 4. Qb3 b6 5. e3 Qd7 6. Nf3 f6 7. Nc3 a6 8. cxd5
Be7 9. Bc4 b5 10. Nxb5 axb5 11. Bxb5 c6 12. dxc6 Nxc6 13. Rc1 Bb4+ 14. Ke2 Nge7
15. Rc4 Ba5 16. Rhc1 Rc8 17. Qa4 Be4 18. b4 Bb6 19. Nd2 Bd5 20. R4c2 O-O 21. e4
Nxd4+ 22. Kd1 Bc6 23. Bxc6 Nexc6 24. Rc3 e5 25. Be3 Qg4+ 26. f3 Qxg2 27. Qa6
Qh1+ 28. Qf1 Qxf1+ 29. Nxf1 Rfd8 30. Bxd4 Rxd4+ 31. Ke2 Rd6 32. Ke1 Kf7 33. Nd2
Ke7 34. Nc4 Bd4 35. R3c2 Nxb4 36. Nxd6 Nxc2+ 37. Ke2 Kxd6 38. a4 Rc3 39. a5 Rc6
40. a6 Nb4 0-1

[Event "Int. Stuttgarter Stadtmeisterschaft C"]
[Site "Ditzingen"]
[Date "2012.05.17"]
[Round "2.7"]
[White "Dahm, Simon"]
[Black "Visvikis, Christos"]
[Result "0-1"]
[WhiteElo "1089"]
[BlackElo "1320"]
[PlyCount "62"]
[EventDate "2012.??.??"]
[WhiteTeam "Spvgg Böblingen"]
[BlackTeam "SK Villingen"]

1. e4 c5 2. Nf3 Nc6 3. d4 cxd4 4. Nxd4 e5 5. Nb3 Nf6 6. Bd3 d5 7. exd5 Qxd5 8.
O-O Nb4 9. Nc3 Qe6 10. Nb5 Qc6 11. Re1 Nxd3 12. Qxd3 e4 13. Qe2 Be7 14. Nc3 O-O
15. Nxe4 Bf5 16. Nxf6+ Bxf6 17. c3 Rfe8 18. Be3 Rad8 19. Rad1 Rxd1 20. Qxd1 h6
21. Nd4 Bxd4 22. Qxd4 Qg6 23. Qh4 Be4 24. f3 Bxf3 25. Qf2 Bd5 26. a3 f5 27. Re2
a6 28. Bd4 Rxe2 29. Qxe2 f4 30. Kf1 Qf7 31. Be5 Bc4 0-1

[Event "Int. Stuttgarter Stadtmeisterschaft C"]
[Site "Ditzingen"]
[Date "2012.05.17"]
[Round "2.8"]
[White "Griesche, Veit"]
[Black "Klein, Werner"]
[Result "1-0"]
[WhiteElo "1291"]
[BlackElo "1070"]
[PlyCount "53"]
[EventDate "2012.??.??"]
[WhiteTeam "SF Oeffingen e.V."]
[BlackTeam "SV Stuttgart-Wolfbusch 1956 e.V."]

1. Nf3 Nf6 2. d4 e6 3. c4 d5 4. Nc3 h6 5. e3 c5 6. cxd5 cxd4 7. Nxd4 Nxd5 8.
Bd2 Bc5 9. Nb3 Bb4 10. Bb5+ Bd7 11. Bxd7+ Nxd7 12. Nxd5 Bxd2+ 13. Qxd2 exd5 14.
Qxd5 O-O 15. O-O b6 16. Rfd1 Nc5 17. Nxc5 bxc5 18. Qxc5 Qf6 19. Qd4 Qe7 20.
Rac1 Rad8 21. Qa4 Rxd1+ 22. Rxd1 Rd8 23. h3 Rxd1+ 24. Qxd1 a5 25. a4 Kf8 26.
Qc2 g6 27. Qc3 1-0